| 000 | 00524nam a2200205 a 4500 | ||
|---|---|---|---|
| 001 | BRCA_6751 | ||
| 005 | 20190320205557.0 | ||
| 008 | 241011s1944----mx-#######---#000-0#spa-# | ||
| 041 | _aspa | ||
| 044 | _amx | ||
| 050 | 4 |
_aPQ7296 _b.J6 P6 _c1944 |
|
| 245 | 1 | 0 |
_aPoesías líricas _cSor Juana Inés de la Cruz |
| 260 |
_aMéxico _bPorrúa _c1944 |
||
| 300 |
_a270 p. _bil. _c20 cm. |
||
| 440 | 0 |
_aEscritores mexicanos _v1 _916853 |
|
| 500 | _aI118 | ||
| 650 | 1 | 4 |
_aLiteratura mexicana _910506 |
| 902 | _aGFM | ||
| 942 |
_2lcc _cB |
||
| 999 |
_c6434 _d6434 |
||